Śikshaṇa tattvaette. (Record no. 68414)

MARC details
000 -LEADER
fixed length control field 00595cam a22002291 4500
001 - CONTROL NUMBER
control field sa 66002511
003 - CONTROL NUMBER IDENTIFIER
control field DLC
005 - DATE AND TIME OF LATEST TRANSACTION
control field 20260227112230.0
008 - FIXED-LENGTH DATA ELEMENTS--GENERAL INFORMATION
fixed length control field 890602s1965 ii a 000 0 maro
010 ## - LIBRARY OF CONGRESS CONTROL NUMBER
LC control number sa 66002511
035 ## - SYSTEM CONTROL NUMBER
System control number (OCoLC)19806176
040 ## - CATALOGING SOURCE
Original cataloging agency DLC
Transcribing agency WaU
Modifying agency DLC
042 ## - AUTHENTICATION CODE
Authentication code premarc
050 00 - LIBRARY OF CONGRESS CALL NUMBER
Classification number LA2383.I6
Item number N3
100 1# - MAIN ENTRY--PERSONAL NAME
Personal name Nandurdikar, Narayan Dattatraya,
Dates associated with a name 1916-
245 10 - TITLE STATEMENT
Title Śikshaṇa tattvaette.
260 ## - PUBLICATION, DISTRIBUTION, ETC.
Date of publication, distribution, etc. [1965]
300 ## - PHYSICAL DESCRIPTION
Extent 92 p.
Other physical details illus.
Dimensions 19 cm.
500 ## - GENERAL NOTE
General note In Marathi.
600 10 - SUBJECT ADDED ENTRY--PERSONAL NAME
Personal name Montessori, Maria,
Dates associated with a name 1870-1952.
650 #0 - SUBJECT ADDED ENTRY--TOPICAL TERM
Topical term or geographic name entry element Educators, East Indian.

No items available.

Powered by Koha